Statistics for Belgium 2018 FIFA World Cup Squad

Click here to take the quiz!

General Stats

  • This quiz has been taken 951 times
  • The average score is 18 of 24

Answer Stats

PositionPlayerClub% Correct
GKThibaut CourtoisChelsea
98%
FWEden HazardChelsea
96%
MFThorgan HazardBorussia Mönchengladbach
96%
MFKevin De BruyneManchester City
95%
FWRomelu LukakuManchester United
94%
DFVincent KompanyManchester City
90%
DFJan VertonghenTottenham Hotspur
89%
FWDries MertensNapoli
88%
DFToby AlderweireldTottenham Hotspur
85%
GKSimon MignoletLiverpool
83%
MFMarouane FellainiManchester United
81%
MFAxel WitselTianjin Quanjian
77%
DFThomas VermaelenBarcelona
77%
DFThomas MeunierParis Saint-Germain
74%
MFMousa DembéléTottenham Hotspur
73%
MFYannick CarrascoDalian Yifang
65%
CoachRoberto Martínez
59%
FWAdnan JanuzajReal Sociedad
58%
GKKoen CasteelsVfL Wolfsburg
57%
MFNacer ChadliWest Bromwich Albion
57%
MFYouri TielemansMonaco
57%
FWMichy BatshuayiBorussia Dortmund
54%
DFDedryck BoyataCeltic
40%
DFLeander DendonckerAnderlecht
27%

Score Distribution

Percentile by Number Answered

Percent of People with Each Score

Your Score History

You have not taken this quiz